English Counties with the Lowest Population Density - Statistics

General Stats
  • This quiz has been taken 51 times
  • The average score is 10 of 12
Answer Stats
Region County Density % Correct
NW Cumbria 191
97%
SW Cornwall 413
91%
SW Devon 461
91%
EE Norfolk 434
88%
EE Suffolk 517
88%
YK North Yorkshire 347
85%
NE Northumberland 165
79%
WM Shropshire 370
71%
SW Somerset 600
71%
EM Lincolnshire 404
68%
EM Rutland 270
68%
WM Herefordshire 229
59%
No matching quizzes found
Score Distribution
Percent of People with Each Score
Percentile by Number Answered
Your Score History
You have not taken this quiz